000 00775nam a2200253 a 4500
001 28315
003 BD-RjUL
005 20211209051250.0
008 140330s1965 ne b 001 0 eng d
035 _a(BD-RjUL)28396
040 _aNUN
_beng
_cNUN
_dBD-RjUL
041 _aeng
082 1 4 _a192
_219
_bBRE 1965
100 1 _aBracken, Harry M.
_986726
245 1 4 _aThe early reception of Berkeley's immaterialism 1710-1733 /
_cHarry M. Bracken.
250 _aRev. ed.
260 _aThe Hague :
_bMartinus Nijhoff,
_c1965.
300 _axiv, 130 p. ;
_c24 cm.
490 _aArchives internationales d'histoire des idees ;
_v10
504 _aInclude bibliography and index.
600 1 0 _aBerkeley, George,
_d1685-1753.
_93159
650 0 _aIdealism.
_9274
942 _2ddc
_cBK
999 _c28315
_d28315